Zeitzonen - Statistiken

Allgemein
  • Dieses Quiz wurde 182 mal gespielt
  • Das Durchschnittsergebnis liegt bei 13 aus 19
Antwortstatistiken
Zeitzonen Land % Korrekt
11 Russland
98%
11 USA
97%
6 Kanada
92%
4 Brasilien
90%
8 Australien
89%
12 Frankreich
85%
3 Mexiko
75%
3 Indonesien
73%
2 Spanien
73%
2 Kasachstan
67%
2 Mongolei
65%
5 Neuseeland
63%
2 Portugal
59%
4 Dänemark
56%
9 Großbritannien
54%
2 Niederlande
49%
2 Chile
43%
3 Kiribati
28%
2 Ecuador
26%
Keine übereinstimmenden Quizze gefunden
Verteilung der Resultate
Anzahl Personen mit jedem Resultat
Perzentil nach korrekt beantworteten Fragen
Ihre Resultats-Entwicklung
Sie haben dieses Quiz noch nicht gespielt